O futuro alcançou a escola?: o aluno digital, a BNCC e o uso de metodologias ativas de aprendizagem (Record no. 120577)

MARC details
000 -LÍDER
campo de controle de tamanho fixo 01228 a2200205 4500
001 - NÚMERO DE CONTROLE
campo de controle 120577
020 ## - ISBN - INTERNATIONAL STANDARD BOOK NUMBER
ISBN - International Standard Book Number 9788510071567
040 ## - FONTE DA CATALOGAÇÃO
Instituição que transcreveu o registro Escola Canadense de Niteroi
090 ## - NÚMERO DE CHAMADA LOCAL
Número de chamada (OCLC) (R); Número de chamada, CALL (RLIN) (NR) SAR
100 ## - ENTRADA PRINCIPAL--NOME PESSOAL
Nome pessoal Sarmento, Maristela
245 10 - TÍTULO
Título O futuro alcançou a escola?: o aluno digital, a BNCC e o uso de metodologias ativas de aprendizagem
250 ## - EDIÇÃO
Edição 1. ed.
260 ## - PUBLICAÇÃO, DISTRIBUIÇÃO, ETC.
Local de publicação, distribuição, etc. São Paulo
362 0# - DATAS DE PUBLICAÇÃO E/OU DESIGNAÇÃO SEQUENCIAL
Datas de publicação e/ou designação sequencial 2019
520 ## - NOTA DE RESUMO, ETC
Resumo, etc. Em parceria com a Editora do Brasil, a ZOOM produziu o livro "O futuro alcançou a escola?: o aluno digital, a BNCC e o uso de metodologias ativas de aprendizagem.", com o objetivo de ampliar as reflexões sobre as novas práticas pedagógicas e sobre os rumos da educação no Brasil, que será lançado na Bett Educar. Sob a coordenação da Profª Drª Maristela Sarmento, pedagoga e gestora de projetos educacionais com foco em ciências e tecnologia, a obra traz artigos escritos por especialistas da área educacional com temas relevantes para as escolas – como a nova geração de alunos, a BNCC e as tecnologias educacionais – discutidos numa perspectiva de aproximação com as dinâmicas da sala de aula.
650 #4 - ASSUNTO--TERMO TÓPICO
Cabeçalho tópico ou nome geográfico Tecnologia
650 #4 - ASSUNTO--TERMO TÓPICO
Cabeçalho tópico ou nome geográfico Educação
650 #4 - ASSUNTO--TERMO TÓPICO
Cabeçalho tópico ou nome geográfico Pedagogia
942 ## - ELEMENTOS DE ENTRADA ADICIONADOS (KOHA)
Tipo de material Koha Livros
Holdings
Situação do descarte Situação das perdas Situação física Não pode ser emprestado Biblioteca de origem Biblioteca atual Data de aquisição Total de empréstimos Número de chamada completo Código de barras Data de último acesso Data do preço efetivo Tipo de material Koha
        Canadian School of Niterói - Piratininga Canadian School of Niterói - Piratininga 09/02/2024   SAR A19174 09/02/2024 09/02/2024 Livros
        Canadian School of Niterói - Piratininga Canadian School of Niterói - Piratininga 09/02/2024   SAR A19176 09/02/2024 09/02/2024 Livros
        Canadian School of Niterói - Piratininga Canadian School of Niterói - Piratininga 09/02/2024   SAR A19175 09/02/2024 09/02/2024 Livros
        Canadian School of Niterói - Piratininga Canadian School of Niterói - Piratininga 09/02/2024   SAR A19183 09/02/2024 09/02/2024 Livros
        Canadian School of Niterói - Piratininga Canadian School of Niterói - Piratininga 09/02/2024   SAR A19182 09/02/2024 09/02/2024 Livros
        Canadian School of Niterói - Piratininga Canadian School of Niterói - Piratininga 09/02/2024   SAR A19181 09/02/2024 09/02/2024 Livros
        Canadian School of Niterói - Piratininga Canadian School of Niterói - Piratininga 09/02/2024   SAR A19180 09/02/2024 09/02/2024 Livros
        Canadian School of Niterói - Piratininga Canadian School of Niterói - Piratininga 09/02/2024   SAR A19179 09/02/2024 09/02/2024 Livros
        Canadian School of Niterói - Piratininga Canadian School of Niterói - Piratininga 09/02/2024   SAR A19178 09/02/2024 09/02/2024 Livros
        Canadian School of Niterói - Piratininga Canadian School of Niterói - Piratininga 09/02/2024   SAR A19177 09/02/2024 09/02/2024 Livros